000
00207 a2200097 4500
001
11776
100
_a
Birdwood, L.
245
_a
A continent decides
260
_a
_b
Robert Hale Ltd
_c
090
_c
9032
_d
9032
942
_a
NUST-CAE
_c
M
_c
35859
999
_c
246849
_d
246849